Investičné stimuly
Z obsahu: Akých investorov sa oplatí pritiahnuť. Zmeny v SARIO. Komunikácia s investormi sa má zlepšiť a zrýchliť. Pre vyspelých investorov sú stimuly len doplnok. High-tech výskum a vývoj. Existujúce memorandá sa budú zväčša prehodnocovať. Projekty, ktorých sa nové pravidlá nedotknú.
Salvato in:
| Autore principale: | |
|---|---|
| Natura: | Capitolo di libro |
| Lingua: | slovacco |
| Soggetti: | |
| Tags: |
Nessun Tag, puoi essere il primo ad aggiungerne!!
|
MARC
| LEADER | 00000naa$a2200000$$$4500 | ||
|---|---|---|---|
| 001 | 0035942 | ||
| 005 | 20231009082232.3 | ||
| 041 | 0 | |a slo | |
| 044 | |a SK | ||
| 245 | 1 | 0 | |a Investičné stimuly |c Martin Jesný |
| 520 | |a Z obsahu: Akých investorov sa oplatí pritiahnuť. Zmeny v SARIO. Komunikácia s investormi sa má zlepšiť a zrýchliť. Pre vyspelých investorov sú stimuly len doplnok. High-tech výskum a vývoj. Existujúce memorandá sa budú zväčša prehodnocovať. Projekty, ktorých sa nové pravidlá nedotknú. | ||
| 610 | 2 | 0 | |a investície |
| 610 | 2 | 0 | |a investície zahraničné |
| 610 | 2 | 0 | |a stimulovanie |
| 610 | 2 | 0 | |a investori |
| 610 | 2 | 0 | |a komunikácia |
| 610 | 2 | 0 | |a technológie nové |
| 610 | 2 | 0 | |a výskum |
| 610 | 2 | 0 | |a vývoj |
| 100 | 1 | |a Jesný, Martin | |